00971nam a22003017a 450000100060000000300050000600500170001100700060002800800330003402000180006704000220008508200270010710000290013424500520016326000480021530000210026349000460028450000430033059000260037365000210039965000240042065000240044470000240046891000240049294200120051695201240052899900170065200749DO-S20220922120515.000749160711b sp 2008 ||| 00| 0 spa d a9788497645454 aBPMSUbspacBPMSU 4a843.8bV531vu 20082221 aVerne, Julio.e1828-190513aLa vuelta al mundo en 80 días /cJulio Verne  aMadrid, España :bEdimat libros, c2008. a290 p. ;c23 cm.0 aClásicos de la literatura ; aNarrativa 3Incluye notas al pie de las páginas  6Inventariado, 2022/VM 4aNovela francesa  4aliteratura juvenil  4aNovela de aventuras aLovera, Joséeil. aVMateo V./Validado  2ddccBK 00102ddc4070aBPMETbBPMETd2016-07-11eFUNDIoBPMSU CG 843.8 V531vu 2008pBPMSU16070339r2016-07-11w2016-07-11yBK c10695d10695